| 000 | 00483nam a22001937a 4500 | ||
|---|---|---|---|
| 999 |
_c17948 _d17948 |
||
| 003 | OSt | ||
| 005 | 20210618104201.0 | ||
| 008 | 210618b ||||| |||| 00| 0 eng d | ||
| 040 | _aSEKU | ||
| 050 |
_aRM 216 _b.K46 |
||
| 110 | _4K.I.E | ||
| 245 |
_aDiploma in nutrition and dietetics/ _bsyllabus and regulation |
||
| 260 |
_aNairobi: Kenya; _bKIE, _c2016. |
||
| 300 | _a471.P: | ||
| 650 | _aNitrition | ||
| 650 | _aNutrition disorders | ||
| 650 | _aDietetics | ||
| 942 |
_2lcc _cGEN |
||